LIBRARY & INFORMATION CENTRE, KCAET, TAVANUR

ONLINE PUBLIC ACCESS CATALOGUE (OPAC)

Little stories for children / (Record no. 2406)

MARC details
000 -LEADER
fixed length control field 00376cam a2200157ua 4500
041 ## - LANGUAGE CODE
Language code of text/sound track or separate title eng
082 ## - DEWEY DECIMAL CLASSIFICATION NUMBER
Classification number 823.301
Item number CON/LI
100 ## - MAIN ENTRY--AUTHOR NAME
Personal name Connor, Mary .
245 ## - TITLE STATEMENT
Title Little stories for children /
250 ## - EDITION STATEMENT
Edition statement 1 /
260 ## - PUBLICATION, DISTRIBUTION, ETC. (IMPRINT)
Place of publication Bombay :
Name of publisher Orient-Longman Ltd.
300 ## - PHYSICAL DESCRIPTION
Number of Pages 28 ; .
942 ## - ADDED ENTRY ELEMENTS (KOHA)
Koha item type Books
Holdings
Withdrawn status Lost status Damaged status Home library Current library Date acquired Full call number Accession Number Koha item type
Withdrawn     KAUAET KAUAET 07/04/2012 823.301 12291 Books
free website counter